| 000 | 00349nam a2200145Ia 4500 | ||
|---|---|---|---|
| 008 | 150201s2004 xx 000 0 und d | ||
| 082 |
_a617 _bD2004D |
||
| 100 | _aDENTAL WORLD | ||
| 245 | _aDENTAL WORLD INDEX | ||
| 250 | _a1ST | ||
| 260 |
_bNEELKANTH PUBLICATION _aNEW DELHI _c2004 |
||
| 300 | _a1-102 | ||
| 650 | _aGENERAL BOOKS | ||
| 942 |
_2ddc _cBK |
||
| 999 |
_c3035 _d3035 |
||